000 00787nas a2200265 4500
001 BR2011001858
003 BR-BrBNA
005 20231205114528.0
007 ta
008 230509b bl.|||p| |||| 00| 00por d
040 _aBR-BrBNA
_bpor
_cBiblioteca Nacional de Agricultura
041 _a(Pt)
072 _aP01; P40; E71
100 1 _aAnon.
245 1 _aCOP-16 mudanças climáticas; as negociações de Cancún
650 _aMEIO AMBIENTE
650 _aPRESERVAÇÃO DA NATUREZA
650 _aCLIMA
650 _aCONDIÇÃO AMBIENTAL
650 _aAPTIDÃO CLIMÁTICA
650 _aMERCADO INTERNACIONAL
773 0 _tAgroanalysis (Brazil)
_xISSN 0100-4298
_g(Jan 2011), v. 31(1) p. 17
_wBR2011001858
909 _a202311
_bLúcia
_c55
_dLúcia Elande
942 _2AGRIS
_n0
_cANA
999 _c209184
_d209184